| 000 | 01324nam a2200373 c 4500 | ||
|---|---|---|---|
| 001 | 13414 | ||
| 003 | ES-MaCES | ||
| 005 | 20150929135437.0 | ||
| 008 | 020312s2001 lu s o000 | fre d | ||
| 020 | _a9289410159 | ||
| 035 | _aCES20020003643m | ||
| 040 |
_aES-MaCES _bspa _cES-MaCES |
||
| 245 | 0 | 0 |
_aStatistiques sociales européennes _pPolitiques du marché du travail : dépenses et bénéficiaires _cEurostat |
| 250 | _aÉd. 2001 | ||
| 260 |
_aLuxembourg _bOffice des publications officielles des Communautés européennes _c2001 |
||
| 300 |
_a135 p. _c30 cm |
||
| 490 | 1 | _aThème 3, Population et conditions sociales. Tableaux détaillés | |
| 541 | _cCompra | ||
| 650 | 4 |
_amercado de trabajo _928292 |
|
| 650 | 4 |
_apolítica laboral _928290 |
|
| 650 | 4 |
_aanálisis del mercado de mano de obra _930745 |
|
| 650 | 4 |
_aanálisis de costes y beneficios _928281 |
|
| 650 | 4 |
_a1998 _931169 |
|
| 650 | 4 |
_adatos estadísticos _930765 |
|
| 653 | 1 | 0 | _aEstadísticas económico-sociales |
| 650 | 4 |
_928300 _apolítica de empleo |
|
| 650 | 4 |
_929020 _apaís de la UE |
|
| 650 | 4 |
_926752 _aUE |
|
| 710 | 2 |
_aEurostat _93516 |
|
| 830 | 0 |
_aThème 3, Population et conditions sociales _pTableaux détaillés _933308 |
|
| 902 | _aLIB Libro | ||
| 942 |
_2CES _cBK _h8.2. |
||
| 999 |
_c13414 _d13414 |
||